01180 2200217 4500001002100000005001500021035002500036008004100061245060200102100002000704260005200724300004500776020002200821082000800843084001100851520002000862650002300882990001900905990001900924990001900943INLIS00000000000466520200510025533 a0010-121900000004665200510 | ind 1 aQuranic Food :b"Istilah Quranic Food sangat nyentrik dan berkelas. Bagaimanapun, konsep halalan thayyiban menjadi landasan utama dalam konsumsi makanan. Dan, Quranic Food memenuhi standar tersebut." Luthfiel Hakim, Founder & Chairman Indonesia Halal Center. Buku ini menyajikan makanan dan minuman yang dianjurkan dan disebutkan secara khusus di dalam Al-Quran. Dengan bahasa popular, penemuan-penemuan baru tentang kandungan zat tertentu dalam makanan dan minuman tersebut disajikan. Bambang Nurhadi, kandidat Doktor pada Ilmu Pangan di University College Cork (UCC), Irlandia /cMohammad Shaikh0 aMohammad Shaikh aREPUBLIKA: jakarta :bREPUBLIKA: jakarta,c2016 ai.148hlm:14,5x21cm ;ci.148hlm:14,5x21cm a978-602-9247-74-9 a200 a297,48 aAPBD 2019 3 EKS 4aQuranic Food297.48 aB2019103011402 aB2019103011401 aB2019103011403